[Event "TCh-CZE 1 Liga Vychod"]
[Site "Czech Republic CZE"]
[Date "2015.10.25"]
[Round "2.3"]
[White "Pekar, V"]
[Black "Bazant, P jr"]
[Result "0-1"]
[WhiteElo "2195"]
[BlackElo "2345"]
[EventDate "2015.10.11"]
[WhiteTeam "TJ Stefanydes Policka"]
[BlackTeam "SK Stare Mesto A"]
[WhiteFideId "323799"]
[BlackFideId "311766"]

1.e4 e5 2.Nf3 Nc6 3.Bc4 Bc5 4.O-O Nf6 5.d4 exd4 6.e5 d5 7.exf6 dxc4 8.fxg7
Rg8 9.Re1+ Be7 10.Bg5 Be6 11.Bxe7 Kxe7 12.Ng5 Qd5 13.Nxe6 fxe6 14.Qg4 Kf7 
15.Qf4+ Kxg7 16.Nd2 Kh8 17.Qf6+ Rg7 18.Nf3 e5 19.Ng5 Re8 20.Re4 Kg8 21.Qh6
Qd6 22.Qh5 Rf8 23.Nf3 d3 24.Rxc4 d2 25.Rd1 Nd4 26.Nxd4 Qd5 27.Qh3 exd4 0-1

[Event "TCh-HUN 2015-16"]
[Site "Hungary HUN"]
[Date "2015.11.07"]
[Round "1"]
[White "Tesik, C"]
[Black "Csonka, B"]
[Result "1/2-1/2"]
[WhiteElo "2312"]
[BlackElo "2412"]
[EventDate "2015.11.07"]
[WhiteTitle "FM"]
[BlackTitle "FM"]
[WhiteTeam "Z.Csuti-Hydrocomp SK"]
[BlackTeam "Budapesti Titanok"]
[WhiteFideId "735582"]
[BlackFideId "742910"]
[EventType "team-tourn"]

1.e4 e5 2.Nf3 Nc6 3.Bc4 Bc5 4.d3 Nf6 5.O-O O-O 6.Nc3 h6 7.Be3 d6 8.Bxc5 
dxc5 9.Bb5 Nd4 10.Nxd4 Qxd4 11.Bc4 a6 12.a4 Bg4 13.Qd2 Rad8 1/2-1/2

[Event "TCh-HUN 2015-16"]
[Site "Hungary HUN"]
[Date "2015.11.08"]
[Round "2"]
[White "Lakos, N"]
[Black "Hajnal, Z"]
[Result "1/2-1/2"]
[WhiteElo "2275"]
[BlackElo "2319"]
[EventDate "2015.11.07"]
[WhiteTitle "WGM"]
[BlackTitle "IM"]
[WhiteTeam "HVSE-Infraplan"]
[BlackTeam "ASS-Makoi SVSE"]
[WhiteFideId "705128"]
[BlackFideId "717754"]
[EventType "team-tourn"]

1.e4 e5 2.Nf3 Nc6 3.Bc4 Bc5 4.c3 Nf6 5.d3 O-O 6.Nbd2 d6 7.Bb3 a6 8.Nf1 Ng4
9.Ne3 Nxe3 10.Bxe3 Bxe3 11.fxe3 Be6 12.Bxe6 fxe6 13.O-O Qe7 14.Qe2 Rf7 15.
Nd2 Raf8 16.Rxf7 Rxf7 17.Rf1 Rxf1+ 1/2-1/2

[Event "TCh-AUT 2nd Mitte 2015-16"]
[Site "Austria AUT"]
[Date "2015.11.15"]
[Round "5.4"]
[White "Richterova, Natasa"]
[Black "Frank, D"]
[Result "1/2-1/2"]
[WhiteElo "2165"]
[BlackElo "2166"]
[EventDate "2015.10.02"]
[WhiteTitle "WFM"]
[WhiteTeam "SV Steyregg"]
[BlackTeam "ESV Admira Villach"]
[WhiteFideId "350591"]
[BlackFideId "1613642"]
[EventType "team"]

1.e4 e5 2.Nf3 Nc6 3.Bc4 Bc5 4.c3 Nf6 5.d3 d6 6.Nbd2 a6 7.Bb3 O-O 8.O-O Ba7
9.Re1 h6 10.Nf1 Nh5 11.Bc2 Qf6 12.Ne3 Nf4 13.g3 Nh3+ 14.Kg2 Ne7 15.Rf1 c6 
16.d4 Ng5 17.Nxg5 hxg5 18.dxe5 Qxe5 19.Nc4 Qc5 20.Bb3 g4 21.Qxd6 b5 22.
Qxc5 Bxc5 23.Ne5 Bd6 24.Bf4 Bxe5 25.Bxe5 c5 26.Bc2 Re8 27.Bd6 c4 28.f3 
gxf3+ 29.Kxf3 Bb7 30.Bxe7 Rxe7 31.Kf4 Rae8 32.Rfe1 Re5 33.h4 f5 34.Re3 
fxe4 35.Rae1 R5e7 36.Bxe4 Rf7+ 37.Bf5 Rxe3 38.Rxe3 g6 39.Kg5 gxf5 40.Re8+ 
Kg7 41.h5 Be4 42.Re6 Bb7 43.Re8 Bc6 44.Re6 Bb7 45.Re8 1/2-1/2

[Event "TCh-FIN 2015-16"]
[Site "Finland FIN"]
[Date "2015.11.08"]
[Round "6.2"]
[White "Karttunen, M"]
[Black "Kauppila, O"]
[Result "1-0"]
[WhiteElo "2429"]
[BlackElo "2318"]
[EventDate "2015.11.07"]
[WhiteTitle "IM"]
[BlackTitle "FM"]
[WhiteTeam "TammerShakki, Tampere"]
[BlackTeam "OSS, Oulu"]
[WhiteFideId "502081"]
[BlackFideId "503390"]

1.e4 e5 2.Nf3 Nc6 3.Bc4 Nf6 4.d3 Bc5 5.c3 O-O 6.Bg5 h6 7.Bh4 Be7 8.Nbd2 d6
9.h3 Na5 10.Bb5 Bd7 11.Ba4 Bxa4 12.Qxa4 Nc6 13.g4 d5 14.Bg3 Nd7 15.Qc2 Nc5
16.b4 dxe4 17.dxe4 Nd3+ 18.Ke2 Nf4+ 19.Bxf4 exf4 20.Rad1 Qd6 21.Nb3 Qe6 
22.b5 Ne5 23.Nxe5 Qxe5 24.Rd5 Qf6 25.Kf3 a6 26.a4 axb5 27.axb5 c6 28.bxc6 
Qxc6 29.Nd4 Qc4 30.Nf5 Bf6 31.Nd6 Qxc3+ 32.Qxc3 Bxc3 33.Kxf4 Ra2 34.Kg3 
Rb2 35.Rc1 Bf6 36.Rc7 Rd8 37.Nxf7 Rxd5 38.exd5 Rd2 39.d6 Rd3+ 40.Kf4 b5 
41.Kf5 Kh7 42.f4 1-0

[Event "20th European Teams Women"]
[Site "Reykjavik ISL"]
[Date "2015.11.17"]
[Round "5.7"]
[White "Sedina, E"]
[Black "Olsarova, T"]
[Result "1/2-1/2"]
[WhiteElo "2305"]
[BlackElo "2307"]
[EventDate "2015.11.13"]
[WhiteTitle "IM"]
[BlackTitle "WGM"]
[WhiteTeam "Italy"]
[BlackTeam "Czech Republic"]
[WhiteFideId "812153"]
[BlackFideId "325449"]

1.e4 e5 2.Nf3 Nc6 3.Bc4 Nf6 4.d3 Bc5 5.O-O O-O 6.Nbd2 d5 7.exd5 Nxd5 8.Re1
Nf6 9.h3 h6 10.c3 Bd6 11.b4 a6 12.a4 Bf5 13.Ne4 Nxe4 14.dxe4 Bd7 15.Be3 
Qf6 16.Nh2 Qg6 17.Qf3 Kh8 18.Nf1 f5 19.exf5 Bxf5 20.Qg3 Qf6 21.Bc5 Ne7 22.
Bxd6 cxd6 23.Ne3 Rac8 24.Nd5 Qf7 25.Nxe7 Rxc4 26.Nxf5 Qxf5 27.Rad1 Qc2 28.
Rxd6 Rxc3 29.Qxe5 Qxf2+ 30.Kh1 Rxh3+ 31.gxh3 Qf3+ 32.Kg1 Qf2+ 33.Kh1 Qf3+ 
34.Kg1 Qf2+ 35.Kh1 1/2-1/2

[Event "20th European Teams Women"]
[Site "Reykjavik ISL"]
[Date "2015.11.17"]
[Round "5.9"]
[White "Fataliyeva, U"]
[Black "Stolberg Rohr, T"]
[Result "1-0"]
[WhiteElo "2294"]
[BlackElo "1985"]
[EventDate "2015.11.13"]
[WhiteTitle "WIM"]
[BlackTitle "WFM"]
[WhiteTeam "Azerbaijan"]
[BlackTeam "Denmark"]
[WhiteFideId "13403052"]
[BlackFideId "1504258"]

1.e4 e5 2.Nf3 Nc6 3.Bc4 Nf6 4.O-O Bc5 5.d4 Bxd4 6.Nxd4 Nxd4 7.f4 d6 8.fxe5
dxe5 9.Bg5 Qe7 10.Na3 Be6 11.Bxf6 gxf6 12.c3 O-O-O 13.cxd4 Rxd4 14.Bxe6+ 
Qxe6 15.Qf3 Rhd8 16.b3 Qa6 17.Nc4 b5 18.Ne3 Qb6 19.Kh1 Rd2 20.Nd5 Qd4 21.
Rac1 Rxa2 22.Ne7+ 1-0

[Event "20th European Teams Women"]
[Site "Reykjavik ISL"]
[Date "2015.11.17"]
[Round "5.13"]
[White "Sarakauskiene, Z"]
[Black "Horn, E"]
[Result "1-0"]
[WhiteElo "2145"]
[BlackElo "1981"]
[EventDate "2015.11.13"]
[WhiteTitle "WIM"]
[BlackTitle "WFM"]
[WhiteTeam "England"]
[BlackTeam "Sweden"]
[WhiteFideId "12800864"]
[BlackFideId "1705385"]

1.e4 e5 2.Nf3 Nc6 3.Bc4 Nf6 4.d3 Bc5 5.c3 a6 6.Bb3 d6 7.O-O Ba7 8.h3 h6 9.
Re1 O-O 10.Nbd2 Be6 11.Bc2 Re8 12.Nf1 d5 13.exd5 Bxd5 14.Ng3 Nd7 15.b4 Re6
16.Be3 Rf6 17.Nd2 Ne7 18.Bxa7 Rxa7 19.c4 Bc6 20.d4 exd4 21.Nde4 Re6 22.
Qxd4 Ra8 23.Red1 Qe8 24.Nc3 Rd6 25.Qf4 g5 26.Qe3 Re6 27.Qd3 Ng6 28.b5 Nde5
29.Qf1 Bd7 30.Nd5 Rc8 31.Bf5 Rd6 32.Ne4 Kg7 33.Nxd6 cxd6 34.Bxd7 Nxd7 35.
Rac1 axb5 36.cxb5 Rxc1 37.Rxc1 Nc5 38.Re1 Qd7 39.Qc4 Qf5 40.Qd4+ Ne5 41.
Ne3 Qf6 42.Rd1 Ne6 43.Qxd6 Ng6 44.Qd5 b6 45.Qc6 Ngf4 46.Qe4 Ne2+ 47.Kh2 
Qxf2 48.Qf3 Qxf3 49.gxf3 N2d4 50.a4 Nxf3+ 51.Kg3 Ne5 52.Rd6 h5 53.Rxb6 h4+
54.Kh2 Nf3+ 55.Kg2 Nfd4 56.a5 Nf4+ 57.Kh2 Nf3+ 58.Kh1 Nxh3 59.Nf5+ Kh7 60.
Rh6+ Kg8 61.a6 Ne1 62.Nxh4 Nf2+ 63.Kg1 Ng4 64.Rh5 f6 65.a7 gxh4 66.a8=Q+ 
Kf7 67.Qd5+ Kg6 68.Qf5+ 1-0

[Event "20th European Teams Women"]
[Site "Reykjavik ISL"]
[Date "2015.11.19"]
[Round "6.10"]
[White "Skinke, K"]
[Black "Santeramo, Alessia"]
[Result "1/2-1/2"]
[WhiteElo "2222"]
[BlackElo "2041"]
[EventDate "2015.11.13"]
[WhiteTitle "WIM"]
[BlackTitle "WFM"]
[WhiteTeam "Latvia"]
[BlackTeam "Italy"]
[WhiteFideId "11602260"]
[BlackFideId "850810"]

1.e4 e5 2.Nf3 Nc6 3.Bc4 Nf6 4.d3 Bc5 5.Bb3 d6 6.c3 a6 7.Nbd2 Ba7 8.a4 O-O 
9.O-O h6 10.Nc4 Be6 11.a5 Re8 12.Bc2 Ne7 13.Ne3 Ng6 14.d4 Bd7 15.dxe5 dxe5
16.c4 Be6 17.b3 Bd4 18.Nxd4 Qxd4 19.Qxd4 exd4 20.Nd5 Bxd5 21.exd5 c6 22.
dxc6 bxc6 23.Rd1 Rad8 24.Kf1 Ne5 25.Bd3 Nfd7 26.Ba3 c5 27.Rab1 g6 28.f3 
Re6 29.Be4 Rf6 30.Ke2 Re8 31.Kd2 Ng4 32.Rdc1 Ne3 33.g3 Rxe4 34.fxe4 Rf2+ 
35.Ke1 Rxh2 36.Rb2 Rh3 37.Re2 Ne5 38.Kd2 Nf3+ 39.Kd3 Ne5+ 40.Kd2 Nf3+ 41.
Kd3 Ne5+ 1/2-1/2

[Event "20th European Teams Women"]
[Site "Reykjavik ISL"]
[Date "2015.11.19"]
[Round "6.14"]
[White "Sahl, S"]
[Black "Blagojevic, Tijana"]
[Result "1/2-1/2"]
[WhiteElo "2190"]
[BlackElo "2312"]
[EventDate "2015.11.13"]
[WhiteTitle "WIM"]
[BlackTitle "WIM"]
[WhiteTeam "Norway"]
[BlackTeam "Montenegro"]
[WhiteFideId "1500953"]
[BlackFideId "16500270"]

1.e4 e5 2.Nf3 Nc6 3.Bc4 Bc5 4.O-O Nf6 5.d3 O-O 6.h3 a6 7.c3 d6 8.Bb3 Ba7 
9.Re1 Re8 10.Nbd2 Be6 11.Nf1 h6 12.Bxe6 Rxe6 13.Ng3 d5 14.Qe2 Qd7 15.Be3 
d4 16.cxd4 Bxd4 17.Bxd4 Nxd4 18.Nxd4 Qxd4 19.Nf5 Qd7 20.Rac1 Kh7 21.Qd2 
Ng8 22.Qb4 b6 23.d4 exd4 24.Qxd4 Qxd4 25.Nxd4 Rd6 26.Nf5 Rd7 27.b4 Re8 28.
f3 g6 29.Ne3 Ne7 30.Red1 Red8 31.Rxd7 Rxd7 32.Kf1 Kg7 33.Ke2 f6 34.Nd5 
Nxd5 35.exd5 Kf7 36.Ke3 Rxd5 37.Rxc7+ Ke6 38.Rc6+ Rd6 39.Rc8 Kd5 40.Kd3 
Ke5+ 41.Ke3 Kd5 42.Kd3 Ke5+ 43.Ke3 1/2-1/2

[Event "20th European Teams Women"]
[Site "Reykjavik ISL"]
[Date "2015.11.19"]
[Round "6.14"]
[White "Mijovic, A"]
[Black "Koskela, N"]
[Result "1/2-1/2"]
[WhiteElo "2202"]
[BlackElo "2204"]
[EventDate "2015.11.13"]
[WhiteTitle "WIM"]
[BlackTitle "WGM"]
[WhiteTeam "Montenegro"]
[BlackTeam "Norway"]
[WhiteFideId "933988"]
[BlackFideId "500755"]

1.e4 e5 2.Nf3 Nc6 3.Bc4 Bc5 4.O-O Nf6 5.d4 Bxd4 6.Nxd4 Nxd4 7.f4 d6 8.fxe5
dxe5 9.Bg5 Ne6 10.Qxd8+ Nxd8 11.Nd2 O-O 12.Bxf6 gxf6 13.Rxf6 Kg7 14.Raf1 
Ne6 15.g3 Bd7 16.Bd5 c6 17.Bb3 b5 18.h4 h6 19.c3 Rac8 20.Kh2 Rc7 21.R1f2 
Bc8 22.Nf1 Nc5 23.Bc2 Be6 24.Ne3 Rcc8 25.b4 Nd7 26.R6f3 c5 27.Bb3 c4 28.
Bc2 Rcd8 29.g4 Nb6 30.Rg2 Nc8 31.g5 Ne7 32.gxh6+ Kxh6 33.Nd5 Bxd5 34.Rf6+ 
Ng6 35.exd5 Kg7 36.Ra6 Rxd5 37.Rxa7 Kh6 38.Ra6 Rd3 39.Rg3 Rd2+ 40.Rg2 
Rxg2+ 41.Kxg2 f5 42.a4 bxa4 43.b5 a3 44.b6 Nxh4+ 45.Kf2 Kg5 46.Ba4 Rd8 47.
Bc6 Kf4 48.b7 Rd2+ 49.Ke1 Rb2 50.Rxa3 e4 51.Ra4 Nf3+ 52.Kd1 Ne5 53.Bd5 e3 
54.Bxc4 Kf3 55.Rb4 Rxb4 56.cxb4 Nd7 57.Be6 Nb8 58.Bxf5 Kf4 59.Be6 Ke5 60.
Bf7 Kf6 61.Be8 Ke7 62.Bh5 Kd8 63.Bf3 Kc7 64.b5 Nd7 65.Ke2 Ne5 66.Kxe3 
1/2-1/2

[Event "20th European Teams Women"]
[Site "Reykjavik ISL"]
[Date "2015.11.20"]
[Round "7.2"]
[White "Velikic, A"]
[Black "Batsiashvili, N"]
[Result "0-1"]
[WhiteElo "2322"]
[BlackElo "2509"]
[EventDate "2015.11.13"]
[BlackTitle "IM"]
[WhiteTeam "Serbia"]
[BlackTeam "Georgia"]
[WhiteFideId "913553"]
[BlackFideId "13602993"]

1.e4 e5 2.Nf3 Nc6 3.Bc4 Nf6 4.d3 Bc5 5.c3 d6 6.O-O O-O 7.Bb3 a6 8.Nbd2 h6 
9.h3 Be6 10.Re1 Ba7 11.Nf1 Re8 12.Ng3 d5 13.Ba4 b5 14.Bc2 dxe4 15.dxe4 Qc8
16.Nh2 Ne7 17.Qf3 Ng6 18.Nf5 Bxf5 19.Qxf5 Qd8 20.Ng4 Re6 21.g3 Nh4 22.gxh4
Nxg4 23.hxg4 Rf6 24.Rd1 Qe7 25.g5 Rxf5 26.exf5 e4 27.Re1 Qe5 28.Be3 Bxe3 
29.Rxe3 Qxf5 30.Rxe4 Rf8 31.gxh6 Qg6+ 32.Kh1 Qxh6 33.Rg1 Qd2 34.Bb1 Qxf2 
35.Reg4 Qf6 36.Be4 Re8 37.Re1 Kf8 38.Kg2 Qe6 39.Rf4 Qxa2 0-1

[Event "20th European Teams Women"]
[Site "Reykjavik ISL"]
[Date "2015.11.20"]
[Round "7.14"]
[White "Goossens, H"]
[Black "Hoiberg, N"]
[Result "1-0"]
[WhiteElo "2184"]
[BlackElo "2200"]
[EventDate "2015.11.13"]
[WhiteTitle "WFM"]
[BlackTitle "WIM"]
[WhiteTeam "Belgium"]
[BlackTeam "Denmark"]
[WhiteFideId "200468"]
[BlackFideId "1400720"]

1.e4 e5 2.Nf3 Nc6 3.Bc4 Nf6 4.d3 Be7 5.O-O O-O 6.Bb3 d6 7.c3 Bg4 8.Nbd2 
Na5 9.Bc2 c5 10.a3 Nc6 11.b4 a6 12.Re1 cxb4 13.axb4 d5 14.exd5 Nxd5 15.Bb2
f5 16.Bb3 Kh8 17.b5 Nf4 18.bxc6 Nxd3 19.Qc2 Nxe1 20.Rxe1 Bg5 21.cxb7 Rb8 
22.Nxg5 Qxg5 23.Bd5 e4 24.Kh1 Rfd8 25.c4 Rxb7 26.Bxb7 Rxd2 27.Bc1 Bf3 28.
gxf3 Qh5 29.Qc3 Rxf2 30.Bf4 Rxf3 31.Qe5 Qf7 32.Bd5 Qf8 33.Bh6 1-0

[Event "PSC / Puregold Open 2015"]
[Site "Olongapo City PHI"]
[Date "2015.11.16"]
[Round "1.5"]
[White "Demchenko, A"]
[Black "Garcia, Jan"]
[Result "1/2-1/2"]
[WhiteElo "2592"]
[BlackElo "2395"]
[EventDate "2015.11.16"]
[WhiteTitle "GM"]
[BlackTitle "IM"]
[WhiteFideId "4160258"]
[BlackFideId "5200750"]

1.e4 e5 2.Nf3 Nc6 3.Bc4 Bc5 4.d3 Nf6 5.Bg5 h6 6.Bh4 g5 7.Bg3 d6 8.c3 a6 9.
Nbd2 Qe7 10.O-O O-O 11.b4 Ba7 12.a4 Be6 13.Re1 Rfe8 14.b5 Na5 15.Bxe6 fxe6
16.d4 Nh5 17.Nf1 Nxg3 18.hxg3 Rf8 19.Ne3 Qg7 20.Ra2 g4 21.Nh4 h5 22.Rd2 
axb5 23.axb5 Bb6 24.Rd3 Rf7 25.d5 Bxe3 26.Rdxe3 Qh6 27.R3e2 b6 28.Kh2 Raf8
29.Rf1 Nb7 30.c4 Nc5 31.Qc2 Ra8 32.Ree1 Qh7 33.Kg1 Ra3 34.Qc1 Ra8 35.Qg5+ 
Rg7 36.Qe3 Rf8 37.Kh2 Kh8 38.f4 gxf3 39.gxf3 Rfg8 40.Rg1 Rg5 41.Rg2 Qe7 
42.Ra1 Nb3 43.Rf1 Nd4 44.f4 Rg4 45.fxe5 Qg7 46.Rff2 dxe5 47.Ra2 Qf6 48.
Raf2 Qg7 49.dxe6 Nxe6 50.Nf5 Qh7 51.Nh6 Nf4 52.Nxg8 Nxg2 53.Qf3 Qxg8 54.
Kxg2 h4 55.Qf6+ Qg7 56.Qf8+ Qxf8 57.Rxf8+ Kg7 58.Rc8 Rxe4 59.Rxc7+ Kf6 60.
gxh4 Rxh4 61.Kf3 Kf5 62.Rc6 Rf4+ 63.Ke3 Rd4 64.Rc8 Ke6 65.Rc7 Kd6 66.Rc6+ 
Kd7 67.Rxb6 Rxc4 68.Kd3 Rd4+ 69.Kc3 Kc7 70.Re6 Kb7 71.Rxe5 Rh4 72.Re6 Rg4 
73.Rc6 Rh4 74.Rc4 Rxc4+ 75.Kxc4 Kb6 76.Kb4 Kb7 77.Kc5 Kc7 78.b6+ Kb7 79.
Kb5 Kb8 80.Kc6 Kc8 81.b7+ Kb8 82.Kb6 1/2-1/2

[Event "Sumarice IM 2015"]
[Site "Kragujevac SRB"]
[Date "2015.11.20"]
[Round "5.1"]
[White "Milenkovic, Ml"]
[Black "Ivanov, MM"]
[Result "1/2-1/2"]
[WhiteElo "2325"]
[BlackElo "2396"]
[EventDate "2015.11.17"]
[WhiteTitle "IM"]
[BlackTitle "GM"]
[WhiteFideId "913375"]
[BlackFideId "4114906"]

1.e4 e5 2.Nf3 Nc6 3.Bc4 Bc5 4.c3 Nf6 5.b4 Be7 6.d3 O-O 7.O-O d5 8.exd5 
Nxd5 9.b5 Na5 10.Bxd5 Qxd5 11.c4 Qd8 12.Bd2 1/2-1/2

[Event "42nd ch-IND w 2015"]
[Site "Kolkata IND"]
[Date "2015.11.21"]
[Round "8.3"]
[White "Swathi, G"]
[Black "Michelle Catherina, P"]
[Result "1-0"]
[WhiteElo "2230"]
[BlackElo "2242"]
[EventDate "2015.11.13"]
[WhiteTitle "WGM"]
[BlackTitle "WIM"]
[WhiteFideId "5003474"]
[BlackFideId "5005736"]

1.e4 e5 2.Nf3 Nc6 3.Bc4 Nf6 4.d3 Bc5 5.c3 a6 6.Bb3 d6 7.h3 Ba7 8.Nbd2 Be6 
9.Ng5 Bxb3 10.Qxb3 O-O 11.Qxb7 Na5 12.Qb4 Nh5 13.Nc4 Nc6 14.Qa4 Qf6 15.Nf3
Nd8 16.Qd1 Ne6 17.g3 Rfd8 18.Ne3 Bxe3 19.Bxe3 d5 20.Nh2 Qg6 21.Qg4 dxe4 
22.Qxg6 hxg6 23.dxe4 Rab8 24.b3 Rd3 25.Bd2 Nc5 26.c4 Nxe4 27.Ba5 c6 28.Ke2
Rd4 29.Nf3 Nhxg3+ 30.fxg3 Nxg3+ 31.Ke3 Re4+ 32.Kd3 Rf4 33.Nxe5 Nxh1 34.
Rxh1 Rc8 35.Re1 Rf2 36.a4 Rh2 37.Re3 c5 38.Bb6 Rh1 39.Kc3 Rc1+ 40.Kb2 Rf1 
41.Nd7 f5 42.Nxc5 Rc6 43.a5 f4 44.Re7 f3 45.Ne4 Kf8 46.Ra7 Re1 47.Ng5 Re2+
48.Ka3 f2 49.Rf7+ Ke8 50.Rxf2 Rxf2 51.Bxf2 Rf6 52.Be3 Rf5 53.b4 Re5 54.Bd2
Kd7 55.Ka4 Kc6 56.Nf3 Re4 57.Kb3 Kb7 58.b5 Re2 59.Bg5 Rg2 60.Bh4 Re2 61.
Ng5 Re5 62.Kb4 Re2 63.Bg3 Rb2+ 64.Kc5 Rg2 65.Bf4 Ra2 66.Kb4 Rb2+ 67.Ka3 
Rb1 68.b6 Ra1+ 69.Kb4 Rb1+ 70.Kc5 Ra1 71.Bd2 Ra2 72.Bc3 Rf2 73.Ne4 Rf5+ 
74.Kd6 Rf3 75.Nc5+ Ka8 76.Be5 g5 77.b7+ Ka7 78.Kc6 Rf8 79.Nd7 Rh8 80.Bd4# 
1-0

[Event "42nd ch-IND w 2015"]
[Site "Kolkata IND"]
[Date "2015.11.22"]
[Round "9.5"]
[White "Padmini, R"]
[Black "Swathi, G"]
[Result "1-0"]
[WhiteElo "2437"]
[BlackElo "2230"]
[EventDate "2015.11.13"]
[WhiteTitle "IM"]
[BlackTitle "WGM"]
[WhiteFideId "5029295"]
[BlackFideId "5003474"]

1.e4 e5 2.Nf3 Nc6 3.Bc4 Be7 4.O-O Nf6 5.d3 O-O 6.Re1 d6 7.c3 Be6 8.Nbd2 h6
9.Nf1 Qd7 10.Ng3 Rae8 11.Bb5 a6 12.Ba4 b5 13.Bc2 Nh7 14.a4 Bf6 15.h3 Ng5 
16.Nh2 g6 17.h4 Nh7 18.Bxh6 Bxh4 19.axb5 axb5 20.Ngf1 Bf6 21.Bxf8 Rxf8 22.
Bb3 Nd8 23.Bxe6 Nxe6 24.Qg4 Bg7 25.Ne3 c6 26.Ra2 d5 27.exd5 cxd5 28.Rea1 
d4 29.cxd4 exd4 30.Nef1 Qc6 31.Qf3 Qc2 32.Qd1 Qc6 33.Ra6 Qd5 34.Qf3 Qb3 
35.Nd2 Qxb2 36.Ne4 Rc8 37.Ra8 Rxa8 38.Rxa8+ Bf8 39.Nf1 Qb1 40.Ra7 f5 41.
Nd6 Nhg5 42.Qd5 Qb4 43.Ne8 Qc5 44.Qxe6+ 1-0

[Event "FSIM November 2015"]
[Site "Budapest HUN"]
[Date "2015.11.17"]
[Round "9.5"]
[White "De Silva, N"]
[Black "Gantsooj, Ganzorig"]
[Result "0-1"]
[WhiteElo "2217"]
[BlackElo "2208"]
[EventDate "2015.11.07"]
[WhiteTitle "FM"]
[WhiteFideId "9900268"]
[BlackFideId "4902475"]

1.e4 e5 2.Nf3 Nc6 3.Bc4 Nf6 4.d3 Be7 5.O-O O-O 6.Nc3 d6 7.h3 Na5 8.Qe2 c6 
9.a4 Nxc4 10.dxc4 Qc7 11.Be3 Be6 12.Rad1 Rfd8 13.Bc1 h6 14.Rfe1 Rac8 15.
Nh2 Qb6 16.Nf1 d5 17.exd5 cxd5 18.cxd5 Nxd5 19.Nxd5 Bxd5 20.Qxe5 Bf6 21.
Qg3 Bxb2 22.Ne3 Be6 23.Bxb2 Qxb2 24.Rb1 Qc3 25.f4 b6 26.Kh2 Rd2 27.f5 Bd5 
28.Rbd1 Rxd1 29.Rxd1 Be4 30.Rd7 a5 31.Qf4 Re8 32.Ng4 h5 33.Rc7 Qa1 34.Nf2 
Qxa4 35.f6 Bxc2 36.Qg5 Bg6 37.fxg7 Qd4 38.Re7 Qd6+ 39.g3 Qxe7 40.Qh6 Bh7 
41.Qxb6 Qe2 42.Qc5 Be4 43.g4 Ra8 44.Kg3 Qf3+ 45.Kh4 Qf6+ 46.g5 Qf4+ 47.Ng4
hxg4 48.Kh5 g3 49.h4 Bf3+ 0-1

[Event "FSFM November 2015"]
[Site "Budapest HUN"]
[Date "2015.11.15"]
[Round "8.2"]
[White "Juracsik, J"]
[Black "Itgelt, Khuyagtsogt"]
[Result "1-0"]
[WhiteElo "2103"]
[BlackElo "1895"]
[EventDate "2015.11.07"]
[WhiteFideId "703982"]
[BlackFideId "4902912"]

1.e4 e5 2.Nf3 Nc6 3.Bc4 Nf6 4.d3 Be7 5.Nc3 d6 6.a4 O-O 7.h3 Ne8 8.Nd5 g6 
9.Bh6 Ng7 10.a5 a6 11.Qd2 Be6 12.g4 Nb8 13.O-O-O Nd7 14.Rdg1 c6 15.Ne3 b6 
16.Nf5 Bxf5 17.gxf5 Kh8 18.h4 Nf6 19.Bxg7+ Kxg7 20.h5 Rh8 21.hxg6 hxg6 22.
fxg6 fxg6 23.Rxg6+ 1-0

[Event "6th Brno Open 2015"]
[Site "Brno CZE"]
[Date "2015.11.14"]
[Round "1"]
[White "Svoboda, Zde1"]
[Black "Semenova, El1"]
[Result "0-1"]
[WhiteElo "1680"]
[BlackElo "2170"]
[EventDate "2015.11.14"]
[BlackTitle "WIM"]
[WhiteFideId "344303"]
[BlackFideId "24125148"]

1.e4 e5 2.Nf3 Nc6 3.Bc4 Nf6 4.Ng5 d5 5.exd5 Na5 6.Bb5+ c6 7.dxc6 bxc6 8.
Qf3 Be7 9.Bxc6+ Nxc6 10.Qxc6+ Bd7 11.Qf3 O-O 12.Nc3 Rc8 13.Qd3 h6 14.h4 e4
15.Ngxe4 Nxe4 16.Nxe4 Qe8 17.Qe3 f5 18.Nc3 f4 19.Qe2 Qg6 20.d3 Bb4 21.Bd2 
Bxc3 22.bxc3 Rce8 23.Be3 fxe3 24.fxe3 Qg3+ 25.Kd2 Rf2 26.Rhe1 Qxe3+ 0-1

[Event "6th Brno Open 2015"]
[Site "Brno CZE"]
[Date "2015.11.14"]
[Round "1"]
[White "Bata, Jiri"]
[Black "Tsenov, Tsvetoslav"]
[Result "0-1"]
[WhiteElo "1637"]
[BlackElo "2166"]
[EventDate "2015.11.14"]
[WhiteFideId "377830"]
[BlackFideId "2916606"]

1.e4 e5 2.Bc4 Nc6 3.Nf3 Bc5 4.a3 d6 5.h3 Nf6 6.d3 Qe7 7.Nc3 h6 8.Qe2 O-O 
9.O-O Be6 10.Bxe6 Qxe6 11.Na4 Bb6 12.Nxb6 axb6 13.Bd2 d5 14.exd5 Nxd5 15.
Rfe1 Rfe8 16.Qd1 Qf6 17.c4 Nf4 18.Bxf4 Qxf4 19.Qc2 Rad8 20.Rad1 Re6 21.Re4
Qf5 22.Kf1 Red6 23.Rde1 Rxd3 24.Qc1 f6 25.Rg4 g5 26.Rge4 Rxf3 27.gxf3 
Qxh3+ 28.Ke2 Nd4+ 29.Rxd4 exd4 30.Rg1 Re8+ 31.Kd2 Qxf3 32.Qf1 d3 33.Qxd3 
Qxf2+ 34.Kc1 Qxg1+ 35.Kc2 Qg2+ 36.Kb3 Qe4 0-1

[Event "6th Brno Open 2015"]
[Site "Brno CZE"]
[Date "2015.11.14"]
[Round "1"]
[White "Rezny, F"]
[Black "Kopecek, Ivan"]
[Result "0-1"]
[WhiteElo "1562"]
[BlackElo "1949"]
[EventDate "2015.11.14"]
[WhiteFideId "343854"]
[BlackFideId "359246"]

1.e4 e5 2.Nf3 Nc6 3.Bc4 Nf6 4.Ng5 d5 5.exd5 Na5 6.Bb5+ c6 7.dxc6 bxc6 8.
Ba4 h6 9.Nf3 e4 10.Qe2 Bd6 11.d3 O-O 12.dxe4 Nxe4 13.O-O Re8 14.Be3 Bg4 
15.h3 Bh5 16.Rd1 Qc7 17.Nbd2 Nc5 18.Bb3 Naxb3 19.axb3 Bf4 20.Qc4 Bxe3 21.
fxe3 Qb6 22.b4 Ne4 23.Qd4 c5 24.bxc5 Nxc5 25.b4 Nb7 26.Qxb6 axb6 27.Rxa8 
Rxa8 28.b5 Rc8 29.Rc1 Bg6 30.c4 f6 31.Kf2 Nc5 32.Ne1 Kf7 33.Ra1 Rc7 34.Kf3
Rd7 35.Ke2 Ke7 36.Ra8 Kd6 37.Ra3 Ke7 38.Rc3 h5 39.Nb3 Ne4 40.Rd3 Ng3+ 41.
Kd2 Bxd3 42.Nxd3 Ne4+ 43.Kc2 g5 44.Nd4 h4 45.Nb4 Kd6 46.Kd3 Nc5+ 47.Kc3 
Ra7 48.Nf5+ Kd7 49.Nd5 Ra2 50.Nxb6+ Kd8 51.Nd5 Rxg2 52.Kd4 Ne6+ 53.Ke4 g4 
54.Nxf6 gxh3 55.Nxh4 h2 56.Nxg2 h1=Q 0-1

[Event "6th Brno Open 2015"]
[Site "Brno CZE"]
[Date "2015.11.17"]
[Round "5"]
[White "Svoboda, Zde1"]
[Black "Kopecek, Ivan"]
[Result "0-1"]
[WhiteElo "1680"]
[BlackElo "1949"]
[EventDate "2015.11.14"]
[WhiteFideId "344303"]
[BlackFideId "359246"]

1.e4 e5 2.Nf3 Nc6 3.Bc4 Nf6 4.Ng5 d5 5.exd5 Na5 6.Bb5+ c6 7.dxc6 bxc6 8.
Qf3 Be7 9.Bxc6+ Nxc6 10.Qxc6+ Bd7 11.Qf3 Rc8 12.O-O O-O 13.Nc3 Bc6 14.Qd3 
Qc7 15.Qc4 Qb7 16.Qb3 Qa8 17.d3 Rb8 18.Qc4 Rb4 19.Qa6 Bxg2 20.Ne2 Bxf1 21.
Kxf1 Qh1+ 22.Ng1 Ng4 23.Nf3 e4 24.dxe4 Rxe4 25.Qc6 Nxh2+ 26.Nxh2 Re1+ 27.
Kxe1 Qxc6 28.c3 Qg2 29.Ngf3 Bd6 30.Ke2 Bxh2 31.Nxh2 Qxh2 32.Be3 Rd8 33.b4 
Qh5+ 34.f3 Qh2+ 35.Kf1 Qh1+ 36.Bg1 Rd2 37.f4 Qg2+ 0-1

[Event "6th Brno Open 2015"]
[Site "Brno CZE"]
[Date "2015.11.19"]
[Round "7"]
[White "Kosina, V"]
[Black "Kopecek, Ivan"]
[Result "0-1"]
[WhiteElo "1725"]
[BlackElo "1949"]
[EventDate "2015.11.14"]
[WhiteFideId "322130"]
[BlackFideId "359246"]

1.e4 e5 2.Nf3 Nc6 3.Bc4 Nf6 4.Ng5 d5 5.exd5 Na5 6.Bb5+ c6 7.dxc6 bxc6 8.
Qf3 Be7 9.O-O O-O 10.Bd3 h6 11.Ne4 Nd5 12.Ng3 f5 13.Be2 e4 14.Nxe4 fxe4 
15.Qxe4 Rf4 16.Qd3 Bf5 17.Qa6 Nb4 18.Na3 Nxa6 19.Bxa6 Qb6 20.Be2 Bc5 21.
Bf3 Re8 22.d3 Bxf2+ 23.Kh1 Rxf3 24.gxf3 Bh3 25.Rd1 Qb4 26.c3 Qf8 27.f4 Qf5
28.Be3 Qd5# 0-1